Made in Italy : Innovation [

Bibliographic Details
Format: Book
Published: [s.l]: Italian Institut for Foreign Trade, [199-].
Subjects:
LEADER 00414cam a2200121 7i4500
001 0000009588
005 20010525090000.0
090 0 0 |a CD-ROM 137   |b MAD 
245 0 0 |a Made in Italy :   |b Innovation [  |m electronic resources]. 
260 0 0 |a [s.l]:   |b Italian Institut for Foreign Trade,   |c [199-]. 
300 # # |a Electronic computer optical disc (CD-ROM). 
651 0 0 |a Italy  
999 |a 0000011523  |b CD-ROM  |c AV Collection  |e Business Information Centre